[Event "3. Aberto Internacional Carlos I"]
[Site "Sanxenxo ESP"]
[Date "2011.06.25"]
[Round "1.2"]
[White "Strikovic, Aleksa"]
[Black "Andias, Joao Pedro Menezes"]
[Result "1-0"]
[WhiteElo "2559"]
[BlackElo "1888"]
[PlyCount "61"]
[EventDate "2011.06.25"]
[EventType "swiss"]
[EventRounds "9"]
[EventCountry "ESP"]
[Source "lmi"]
[SourceDate "2011.06.25"]

1. c4 g6 2. d4 Nf6 3. f3 Bg7 4. e4 d6 5. Nc3 O-O 6. Bg5 Nbd7 7. Qd2 c6 8. Nh3
a6 9. Nf2 Qa5 10. a3 e5 11. d5 c5 12. Be2 Rb8 13. O-O Kh8 14. b4 Qc7 15. Rab1
Ng8 16. Be3 b6 17. Nd3 f5 18. f4 Ne7 19. Kh1 Kg8 20. h3 fxe4 21. Nxe4 Nf5 22.
Bf2 Re8 23. Ng5 Nf6 24. fxe5 Nh5 25. Bxh5 gxh5 26. e6 Bb7 27. Qf4 Rf8 28. bxc5
bxc5 29. Nf7 Rxf7 30. exf7+ Qxf7 31. Bxc5 1-0

[Event "3. Aberto Internacional Carlos I"]
[Site "Sanxenxo ESP"]
[Date "2011.06.25"]
[Round "1.5"]
[White "Moro Murciego, Alejandro"]
[Black "De La Villa Garcia, Jesus Maria"]
[Result "0-1"]
[WhiteElo "1826"]
[BlackElo "2488"]
[PlyCount "112"]
[EventDate "2011.06.25"]
[EventType "swiss"]
[EventRounds "9"]
[EventCountry "ESP"]
[Source "lmi"]
[SourceDate "2011.06.25"]

1. Nf3 g6 2. g3 Bg7 3. Bg2 e5 4. d3 d6 5. c4 f5 6. Nc3 Nf6 7. Bg5 c6 8. O-O h6
9. Bxf6 Qxf6 10. Nd2 a5 11. Qc2 O-O 12. e3 Na6 13. a3 Be6 14. f4 Nc5 15. Rac1
a4 16. Rfe1 g5 17. Nf3 Bf7 18. fxe5 dxe5 19. Nxe5 Qxe5 20. d4 Qe6 21. dxc5 Qxc4
22. Qxf5 Bh5 23. Qb1 Qxc5 24. Nxa4 Qa7 25. Nc5 Rae8 26. Qd3 Re7 27. b4 Rfe8 28.
Kh1 Kh8 29. e4 b6 30. Nb3 Qxa3 31. Rxc6 Qxb4 32. Rec1 Bg4 33. Qc4 Qxc4 34.
R6xc4 Rb8 35. Nd4 b5 36. Rb4 Bd7 37. Nf5 Bxf5 38. exf5 Bf8 39. Rb3 b4 40. Bd5
Re2 41. f6 Rf2 42. Rf3 Rxf3 43. Bxf3 Rb6 44. f7 b3 45. Rb1 b2 46. Be4 Kg7 47.
Bd5 Rd6 48. Be4 Rd2 49. g4 Kxf7 50. h3 Bd6 51. Kg1 Bf4 52. Kf1 Rd4 53. Bf5 Bc1
54. Ke2 Kf6 55. Kf3 Ke5 56. Kg3 h5 0-1

[Event "3. Aberto Internacional Carlos I"]
[Site "Sanxenxo ESP"]
[Date "2011.06.25"]
[Round "1.7"]
[White "Perez Lopez, Marcos"]
[Black "Guerra Mendez, Jose Angel"]
[Result "0-1"]
[WhiteElo "1815"]
[BlackElo "2472"]
[PlyCount "98"]
[EventDate "2011.06.25"]
[EventType "swiss"]
[EventRounds "9"]
[EventCountry "ESP"]
[Source "lmi"]
[SourceDate "2011.06.25"]

1. d4 Nf6 2. Nf3 e6 3. c4 b6 4. g3 Bb7 5. Bg2 Be7 6. O-O O-O 7. Nc3 Ne4 8. Qc2
Nxc3 9. Qxc3 d6 10. b3 Nd7 11. Bb2 Nf6 12. Rfd1 Be4 13. Rac1 Qc8 14. Nd2 Bxg2
15. Kxg2 Qb7+ 16. Kg1 Rac8 17. Qf3 Qxf3 18. Nxf3 c6 19. Ba3 Rfd8 20. Rc2 a5 21.
e3 Kf8 22. Kf1 c5 23. Rcd2 Ke8 24. Bb2 Ne4 25. Rd3 g6 26. Nd2 f5 27. f3 Nxd2+
28. R1xd2 a4 29. e4 fxe4 30. fxe4 axb3 31. axb3 Rb8 32. Rf3 cxd4 33. Bxd4 b5
34. Rdf2 e5 35. Bc3 bxc4 36. bxc4 Rdc8 37. Rf7 Rxc4 38. Rxh7 Rb1+ 39. Be1 Rxe4
40. Re2 Rxe2 41. Kxe2 d5 42. Rg7 Rb6 43. h4 d4 44. Rh7 e4 45. h5 Rb2+ 46. Kd1
Rb1+ 47. Ke2 d3+ 48. Kf2 Bc5+ 49. Kf1 d2 0-1

[Event "3. Aberto Internacional Carlos I"]
[Site "Sanxenxo ESP"]
[Date "2011.06.25"]
[Round "1.8"]
[White "Recuero Guerra, David"]
[Black "Torrado Bea, Ramon"]
[Result "1-0"]
[WhiteElo "2455"]
[BlackElo "1790"]
[PlyCount "111"]
[EventDate "2011.06.25"]
[EventType "swiss"]
[EventRounds "9"]
[EventCountry "ESP"]
[Source "lmi"]
[SourceDate "2011.06.25"]

1. e4 e5 2. Nf3 Nc6 3. Bb5 a6 4. Ba4 Nf6 5. d3 Be7 6. Bxc6 bxc6 7. Nxe5 Bb7 8.
Nf3 d6 9. O-O O-O 10. h3 Nd7 11. d4 c5 12. d5 Bf6 13. Nbd2 Ne5 14. Nxe5 Bxe5
15. Nc4 Re8 16. Re1 Qh4 17. Qf3 Bxd5 18. Nxe5 Rxe5 19. Bf4 Rf5 20. g4 Rf6 21.
Qe3 Rxf4 22. Qxf4 Bc6 23. Re3 Re8 24. Rae1 Re6 25. Kg2 h5 26. f3 Rf6 27. Qg3
Qg5 28. h4 Qg6 29. g5 Re6 30. c4 a5 31. Qh3 Qh7 32. Kg1 g6 33. R3e2 Qg7 34. Rd2
Qe5 35. Qh2 Qg7 36. Qg3 f6 37. gxf6 Qxf6 38. Kh2 Kh7 39. Rg1 Qf7 40. b3 Rf6 41.
Kg2 Rf4 42. Re1 Qf6 43. Qg5 Qf7 44. Re3 Bd7 45. Kg3 Rf6 46. Kf2 Bg4 47. Rdd3
Qf8 48. Ke2 Bd7 49. e5 Rf5 50. Qg3 Rf4 51. e6 Be8 52. Qg5 Rf6 53. e7 Qf7 54.
Qd5 c6 55. Qxf7+ Rxf7 56. Rxd6 1-0

[Event "3. Aberto Internacional Carlos I"]
[Site "Sanxenxo ESP"]
[Date "2011.06.25"]
[Round "1.9"]
[White "Rey Malde, Henrique"]
[Black "Gomez Ledo, Roberto Carlos"]
[Result "0-1"]
[WhiteElo "1785"]
[BlackElo "2429"]
[PlyCount "40"]
[EventDate "2011.06.25"]
[EventType "swiss"]
[EventRounds "9"]
[EventCountry "ESP"]
[Source "lmi"]
[SourceDate "2011.06.25"]

1. d4 Nf6 2. c4 c6 3. Nc3 d5 4. Nf3 a6 5. Bg5 dxc4 6. e4 b5 7. e5 Nd5 8. Be2
Nxc3 9. bxc3 Be6 10. O-O Bd5 11. a4 h6 12. Bh4 Nd7 13. Qd2 Nb6 14. Bd1 Qd7 15.
h3 e6 16. Nh2 a5 17. f4 b4 18. f5 exf5 19. Bc2 Be6 20. Qf2 g5 0-1

[Event "3. Aberto Internacional Carlos I"]
[Site "Sanxenxo ESP"]
[Date "2011.06.26"]
[Round "2.1"]
[White "Ortiz Suarez, Isan Reynaldo"]
[Black "Torres Dominguez, David"]
[Result "1-0"]
[WhiteElo "2569"]
[BlackElo "2138"]
[PlyCount "63"]
[EventDate "2011.06.25"]
[EventType "swiss"]
[EventRounds "9"]
[EventCountry "ESP"]
[Source "lmi"]
[SourceDate "2011.06.25"]

1. d4 Nf6 2. c4 c5 3. d5 g6 4. Nc3 d6 5. e4 Bg7 6. Bd3 O-O 7. h3 Na6 8. Nf3 Nc7
9. O-O a6 10. a4 Rb8 11. Re1 Bd7 12. a5 b5 13. axb6 Rxb6 14. e5 Nfe8 15. Qe2 e6
16. dxe6 Nxe6 17. Nd5 Rb8 18. Rxa6 dxe5 19. Nxe5 Nd4 20. Qd1 Be6 21. Ra7 Bxe5
22. Rxe5 Nc6 23. Bg5 Qd6 24. Rxe6 fxe6 25. Be7 Qe5 26. Bxf8 Nxa7 27. Bxc5 Nc6
28. Qf3 Qg7 29. Qe4 Qf7 30. Nf4 Nd8 31. Bd4 Qf5 32. Qe3 1-0

[Event "3. Aberto Internacional Carlos I"]
[Site "Sanxenxo ESP"]
[Date "2011.06.26"]
[Round "2.5"]
[White "De La Villa Garcia, Jesus Maria"]
[Black "Carril Garcia, Luis"]
[Result "1-0"]
[WhiteElo "2488"]
[BlackElo "2080"]
[PlyCount "75"]
[EventDate "2011.06.25"]
[EventType "swiss"]
[EventRounds "9"]
[EventCountry "ESP"]
[Source "lmi"]
[SourceDate "2011.06.25"]

1. d4 d5 2. c4 c6 3. Nf3 Nf6 4. e3 g6 5. Bd3 Bg7 6. O-O O-O 7. Nbd2 Nbd7 8. h3
Re8 9. cxd5 Nxd5 10. e4 Nc7 11. Nb3 e5 12. Bg5 f6 13. Bh4 Kh8 14. dxe5 Nxe5 15.
Nxe5 Rxe5 16. f4 Re8 17. Qf3 Ne6 18. Bf2 b6 19. h4 Bb7 20. f5 Nf8 21. h5 g5 22.
Rad1 Qe7 23. Bg3 Nd7 24. Nd4 Ne5 25. Bxe5 Qxe5 26. Ne6 Bf8 27. Bc4 Bc5+ 28. Kh1
Bd6 29. Rxd6 Qxd6 30. Rd1 Qe5 31. Rd7 Bc8 32. Nd8 Bxd7 33. Nf7+ Kg7 34. h6+ Kf8
35. Nxe5 Rxe5 36. Qa3+ Re7 37. Qd6 Ke8 38. Qxf6 1-0

[Event "3. Aberto Internacional Carlos I"]
[Site "Sanxenxo ESP"]
[Date "2011.06.26"]
[Round "2.6"]
[White "Ledo Galan, Jose Emilio"]
[Black "Fernandez Cardoso, Alexey"]
[Result "0-1"]
[WhiteElo "2050"]
[BlackElo "2473"]
[PlyCount "78"]
[EventDate "2011.06.25"]
[EventType "swiss"]
[EventRounds "9"]
[EventCountry "ESP"]
[Source "lmi"]
[SourceDate "2011.06.25"]

1. e4 c5 2. Nc3 a6 3. a4 e6 4. Bc4 Nc6 5. f4 Nge7 6. Nf3 d5 7. exd5 exd5 8. Be2
d4 9. Ne4 Nd5 10. d3 f5 11. Neg5 Bd6 12. g3 h6 13. Nh3 O-O 14. O-O Re8 15. Re1
b6 16. Bd2 Ra7 17. Nh4 Rae7 18. Bf3 Rxe1+ 19. Bxe1 Ne3 20. Qc1 Nb4 21. Bxb4
cxb4 22. Ng2 Qc7 23. Nxe3 dxe3 24. Kf1 Bb7 25. Ng1 Bxf4 26. Qd1 Bg5 27. Ke2 f4
28. g4 Bf6 29. Rb1 Rc8 30. c3 bxc3 31. Qb3+ Kh8 32. bxc3 Bxf3+ 33. Nxf3 Qxc3
34. Qxc3 Rxc3 35. Rxb6 Rc2+ 36. Kd1 Rf2 37. Ne1 f3 38. Re6 Rd2+ 39. Kc1 Bb2+
0-1

[Event "3. Aberto Internacional Carlos I"]
[Site "Sanxenxo ESP"]
[Date "2011.06.26"]
[Round "2.7"]
[White "Guerra Mendez, Jose Angel"]
[Black "De Leon Justo, Alejandro"]
[Result "1-0"]
[WhiteElo "2472"]
[BlackElo "2051"]
[PlyCount "51"]
[EventDate "2011.06.25"]
[EventType "swiss"]
[EventRounds "9"]
[EventCountry "ESP"]
[Source "lmi"]
[SourceDate "2011.06.25"]

1. e4 e5 2. Nf3 Nc6 3. Bb5 a6 4. Ba4 Nf6 5. O-O b5 6. Bb3 Bb7 7. d3 Bc5 8. Nc3
d6 9. a3 h6 10. Ne2 O-O 11. Ng3 Ne7 12. Nh4 Bc8 13. c3 Be6 14. Bc2 d5 15. d4
exd4 16. cxd4 Bb6 17. e5 Ne8 18. Re1 Qd7 19. a4 b4 20. a5 Ba7 21. Qd3 f5 22.
exf6 Nxf6 23. Bd2 Nc6 24. Ba4 Qd6 25. Nhf5 Qd7 26. Bxc6 1-0

[Event "3. Aberto Internacional Carlos I"]
[Site "Sanxenxo ESP"]
[Date "2011.06.26"]
[Round "2.8"]
[White "Hernando Casas, Jose Manuel"]
[Black "Recuero Guerra, David"]
[Result "0-1"]
[WhiteElo "2038"]
[BlackElo "2455"]
[PlyCount "98"]
[EventDate "2011.06.25"]
[EventType "swiss"]
[EventRounds "9"]
[EventCountry "ESP"]
[Source "lmi"]
[SourceDate "2011.06.25"]

1. e4 c5 2. Nf3 Nc6 3. d4 cxd4 4. Nxd4 g6 5. Nc3 Bg7 6. Be3 Nf6 7. Bc4 Qa5 8.
O-O O-O 9. Nb3 Qd8 10. f4 d6 11. Be2 Bd7 12. Bf3 Rc8 13. Qe2 a6 14. a4 Be6 15.
Rfd1 Nd7 16. Qf2 Bxb3 17. cxb3 Na5 18. Qc2 b5 19. axb5 axb5 20. Bg4 b4 21. Bxd7
Qxd7 22. Rxa5 bxc3 23. e5 cxb2 24. Qxb2 Qf5 25. Rad5 Rc2 26. Qd4 Re2 27. h3
dxe5 28. fxe5 Qc2 29. Rd2 Rxd2 30. Qxd2 Qxb3 31. Bf4 h5 32. Rd8 Qb6+ 33. Rd4
Rd8 34. Be3 Qb1+ 35. Kf2 Qf5+ 36. Kg1 Rxd4 37. Bxd4 Bxe5 38. Bxe5 Qxe5 39. Qh6
Qd4+ 40. Kh1 e5 41. Qc1 Kg7 42. Qc7 Qe3 43. Qe7 Qg3 44. Kg1 Qf4 45. Kh1 e4 46.
Kg1 e3 47. Qa3 Qf2+ 48. Kh2 e2 49. Qc3+ Kh7 0-1

[Event "3. Aberto Internacional Carlos I"]
[Site "Sanxenxo ESP"]
[Date "2011.06.26"]
[Round "2.9"]
[White "Gomez Ledo, Roberto Carlos"]
[Black "Pena Torres, Jose Carlos"]
[Result "1-0"]
[WhiteElo "2429"]
[BlackElo "2039"]
[PlyCount "115"]
[EventDate "2011.06.25"]
[EventType "swiss"]
[EventRounds "9"]
[EventCountry "ESP"]
[Source "lmi"]
[SourceDate "2011.06.25"]

1. d4 Nf6 2. c4 e6 3. Nf3 b6 4. g3 Bb7 5. Bg2 Bb4+ 6. Bd2 a5 7. O-O O-O 8. Nc3
d6 9. Qc2 Nbd7 10. Rfd1 Bxc3 11. Bxc3 Qe7 12. b3 Rfd8 13. Rac1 Rac8 14. Re1 Be4
15. Qb2 h6 16. Bf1 c5 17. Red1 Ba8 18. Bg2 Qf8 19. dxc5 dxc5 20. Ne5 Bxg2 21.
Nxd7 Nxd7 22. Kxg2 Nb8 23. Qc2 Rxd1 24. Rxd1 Rd8 25. Rxd8 Qxd8 26. Qe4 Nd7 27.
Qc6 Qe7 28. Qc8+ Kh7 29. Qc7 f6 30. h3 Kg8 31. a3 Kf7 32. f4 Ke8 33. Kf2 Qd8
34. Qc6 Qe7 35. Ke1 Kf7 36. Kd1 Qd8 37. Qd6 Qe7 38. Qc7 Ke8 39. Kc1 Qf7 40. Qd6
Qe7 41. Qc6 Qf7 42. g4 Ke7 43. Qe4 Qe8 44. f5 Kf7 45. Kd2 Qe7 46. Ke3 exf5 47.
Qxe7+ Kxe7 48. gxf5 Kd6 49. Ke4 Nf8 50. Kf4 Nd7 51. Ke4 Nf8 52. Bd2 Nh7 53.
Bf4+ Kc6 54. Kf3 Nf8 55. Kg4 Kd7 56. Kh5 Kc6 57. e4 Kd7 58. e5 1-0

[Event "3. Aberto Internacional Carlos I"]
[Site "Sanxenxo ESP"]
[Date "2011.06.26"]
[Round "2.10"]
[White "Medarde Santiago, Luis Marcos"]
[Black "De Prado Rodriguez, Oscar Bruno"]
[Result "1-0"]
[WhiteElo "2018"]
[BlackElo "2324"]
[PlyCount "157"]
[EventDate "2011.06.25"]
[EventType "swiss"]
[EventRounds "9"]
[EventCountry "ESP"]
[Source "lmi"]
[SourceDate "2011.06.25"]

1. e4 d5 2. exd5 Qxd5 3. d4 e5 4. dxe5 Qxd1+ 5. Kxd1 Nc6 6. f4 Bg4+ 7. Be2
O-O-O+ 8. Bd2 Nh6 9. c3 Bc5 10. b4 Be3 11. Ke1 Rxd2 12. Nxd2 Bxf4 13. Ngf3 Re8
14. Kd1 Rd8 15. Ke1 Nxe5 16. Rd1 Nd3+ 17. Bxd3 Rxd3 18. Nb1 Re3+ 19. Kf2 Bf5
20. Rhe1 Ng4+ 21. Kg1 Bxb1 22. Rxb1 Rxc3 23. h3 Be3+ 24. Kf1 Nh6 25. Rb3 Nf5
26. g4 Ng3+ 27. Kg2 Rc2+ 28. Kxg3 Bf2+ 29. Kf4 Bxe1 30. Nxe1 Rxa2 31. Re3 Kd7
32. Nd3 b6 33. Ne5+ Ke6 34. b5 h6 35. Nd3+ Kf6 36. Kg3 Ra5 37. Re5 Ra3 38. Re3
Rb3 39. Rf3+ Ke7 40. Ne5 Rxb5 41. Nc6+ Kd6 42. Nxa7 Ra5 43. Rd3+ Ke6 44. Nc6
Rc5 45. Re3+ Kd5 46. Ne7+ Kd4 47. Kf3 g6 48. Re4+ Kc3 49. Re3+ Kb4 50. Re4+ Ka5
51. Rf4 b5 52. Rxf7 b4 53. Rf8 b3 54. Rb8 Ka4 55. Ra8+ Kb4 56. Ke4 b2 57. Nd5+
Kb3 58. Rb8+ Kc2 59. Nb4+ Kd2 60. Nd5 Kc1 61. Nb4 Rc4+ 62. Kd5 b1=Q 63. Kxc4
Qe4+ 64. Kc3 Qe5+ 65. Kc4 Kd2 66. Rd8+ Ke2 67. Rd4 Kf3 68. Rd3+ Kg2 69. Nd5
Qe4+ 70. Kc3 c5 71. h4 Qe1+ 72. Kc4 Qc1+ 73. Rc3 Qg1 74. Nf4+ Kh1 75. Rh3+ Qh2
76. Rxh2+ Kxh2 77. Nxg6 Kg3 78. g5 hxg5 79. h5 1-0

[Event "3. Aberto Internacional Carlos I"]
[Site "Sanxenxo ESP"]
[Date "2011.06.27"]
[Round "3.1"]
[White "Rodriguez Lopez, Rafael"]
[Black "Ortiz Suarez, Isan Reynaldo"]
[Result "1/2-1/2"]
[WhiteElo "2320"]
[BlackElo "2569"]
[PlyCount "123"]
[EventDate "2011.06.25"]
[EventType "swiss"]
[EventRounds "9"]
[EventCountry "ESP"]
[Source "lmi"]
[SourceDate "2011.06.25"]

1. e4 c5 2. c3 Nf6 3. e5 Nd5 4. Nf3 e6 5. d4 cxd4 6. cxd4 d6 7. Bc4 Be7 8. O-O
Nc6 9. Qe2 O-O 10. Rd1 Na5 11. b3 b6 12. Bxd5 exd5 13. Nc3 Be6 14. Ba3 a6 15.
Rac1 b5 16. exd6 Bxd6 17. Bxd6 Qxd6 18. Ng5 Rae8 19. Qd3 g6 20. Qg3 Qd7 21. Qh4
f6 22. Nxe6 Rxe6 23. Re1 Nc6 24. f3 Rfe8 25. Rxe6 Rxe6 26. Qf2 Ne7 27. Ne2 Qd6
28. g3 g5 29. f4 Qa3 30. Rc2 h6 31. f5 Rc6 32. Rxc6 Nxc6 33. Qe3 Qe7 34. Qxe7
Nxe7 35. g4 h5 36. h3 hxg4 37. hxg4 Kf7 38. b4 Nc6 39. a3 Ke7 40. Kf2 Kd7 41.
Ke3 a5 42. Nc3 axb4 43. axb4 Nxb4 44. Nxb5 Kc6 45. Nc3 Nc2+ 46. Kd3 Ne1+ 47.
Ke2 Ng2 48. Kd2 Nf4 49. Na4 Kb5 50. Nc5 Kc4 51. Nd7 Kxd4 52. Nxf6 Ke5 53. Nd7+
Kd6 54. Nb6 d4 55. Nc4+ Kd5 56. Nb2 Ke4 57. f6 Ne6 58. Nd3 Kf3 59. Ne5+ Kf4 60.
Nc6 Kxg4 61. f7 Nf8 62. Nxd4 1/2-1/2

[Event "3. Aberto Internacional Carlos I"]
[Site "Sanxenxo ESP"]
[Date "2011.06.27"]
[Round "3.2"]
[White "Strikovic, Aleksa"]
[Black "Bykov, Alexey"]
[Result "0-1"]
[WhiteElo "2559"]
[BlackElo "2278"]
[PlyCount "72"]
[EventDate "2011.06.25"]
[EventType "swiss"]
[EventRounds "9"]
[EventCountry "ESP"]
[Source "lmi"]
[SourceDate "2011.06.25"]

1. c4 e6 2. Nf3 d5 3. g3 Nf6 4. Bg2 dxc4 5. Qa4+ Nbd7 6. Qxc4 a6 7. Qc2 c5 8.
Nc3 Ra7 9. O-O b6 10. d4 Bb7 11. e4 Be7 12. Rd1 Qa8 13. d5 exd5 14. exd5 Nxd5
15. Nxd5 Bxd5 16. Rxd5 Qxd5 17. Ng5 Qd4 18. Be3 Qf6 19. Nxh7 Qe6 20. Re1 g6 21.
Bd2 Qf5 22. Qxf5 gxf5 23. Ng5 Kf8 24. Bd5 Nf6 25. Bb3 Ne4 26. Nxe4 fxe4 27. Bc3
Rh6 28. Rxe4 Bf6 29. Bxf6 Rxf6 30. Kf1 b5 31. a4 c4 32. Bc2 Rd7 33. Re2 Rfd6
34. axb5 axb5 35. Re3 Rd2 36. Rc3 Re7 0-1

[Event "3. Aberto Internacional Carlos I"]
[Site "Sanxenxo ESP"]
[Date "2011.06.27"]
[Round "3.3"]
[White "Paunovic, Dragan"]
[Black "Salgado Lopez, Oscar"]
[Result "1-0"]
[WhiteElo "2504"]
[BlackElo "2219"]
[PlyCount "101"]
[EventDate "2011.06.25"]
[EventType "swiss"]
[EventRounds "9"]
[EventCountry "ESP"]
[Source "lmi"]
[SourceDate "2011.06.25"]

1. c4 e5 2. Nc3 Nc6 3. e3 Nf6 4. Nf3 d6 5. d4 Be7 6. d5 Nb8 7. Bd3 Nbd7 8. e4
O-O 9. O-O Nh5 10. Re1 g6 11. Bh6 Re8 12. b4 a5 13. a3 Nf4 14. Bf1 Bf8 15. Bxf8
Rxf8 16. g3 Nh5 17. Rc1 b6 18. Nb5 h6 19. c5 bxc5 20. bxc5 dxc5 21. Nc3 Qf6 22.
Na4 c6 23. Nd2 Ng7 24. Bg2 Rd8 25. Nxc5 cxd5 26. exd5 Nxc5 27. Rxc5 Bb7 28. Qa4
Nf5 29. Rxa5 Qb6 30. Rxa8 Rxa8 31. Qb4 Qxb4 32. axb4 Ra4 33. Rb1 Nd6 34. Ne4
Nxe4 35. Bxe4 Kf8 36. Bg2 Ke8 37. Bf1 Ke7 38. Bb5 Ra2 39. Bc6 Bxc6 40. dxc6 Kd6
41. b5 Ra8 42. Rd1+ Kc5 43. Rd7 Kxb5 44. c7 Kc6 45. Rxf7 Kb7 46. Kf1 Ra2 47.
Re7 Ra6 48. h4 Rf6 49. Ke2 g5 50. hxg5 hxg5 51. Rxe5 1-0

[Event "3. Aberto Internacional Carlos I"]
[Site "Sanxenxo ESP"]
[Date "2011.06.27"]
[Round "3.4"]
[White "Martinez Rodriguez, Pablo"]
[Black "De La Villa Garcia, Jesus Maria"]
[Result "0-1"]
[WhiteElo "2286"]
[BlackElo "2488"]
[PlyCount "60"]
[EventDate "2011.06.25"]
[EventType "swiss"]
[EventRounds "9"]
[EventCountry "ESP"]
[Source "lmi"]
[SourceDate "2011.06.25"]

1. d4 Nf6 2. c4 e6 3. Nf3 d5 4. Nc3 dxc4 5. e3 a6 6. a4 c5 7. Bxc4 Nc6 8. O-O
Qc7 9. Qe2 Bd6 10. Rd1 O-O 11. d5 Ne5 12. Nxe5 Bxe5 13. h3 Bxc3 14. bxc3 Nxd5
15. Bxd5 exd5 16. Rxd5 Be6 17. Rh5 a5 18. c4 f6 19. Bb2 b6 20. Rh4 Rad8 21. Bc3
Qf7 22. Qb2 Rd3 23. Rc1 g5 24. Rh6 Rxc3 25. Rxc3 Kg7 26. Qxb6 Kxh6 27. Qxc5 Ra8
28. Qb6 Qd7 29. c5 Qxa4 30. Kh2 Qb4 0-1

[Event "3. Aberto Internacional Carlos I"]
[Site "Sanxenxo ESP"]
[Date "2011.06.27"]
[Round "3.5"]
[White "Fernandez Cardoso, Alexey"]
[Black "Solomons, Deon"]
[Result "1-0"]
[WhiteElo "2473"]
[BlackElo "2214"]
[PlyCount "79"]
[EventDate "2011.06.25"]
[EventType "swiss"]
[EventRounds "9"]
[EventCountry "ESP"]
[Source "lmi"]
[SourceDate "2011.06.25"]

1. e4 e5 2. Nf3 Nc6 3. Bb5 a6 4. Ba4 Nf6 5. O-O Be7 6. Re1 b5 7. Bb3 d6 8. c3
O-O 9. h3 Nb8 10. d4 Nbd7 11. Nbd2 Bb7 12. Bc2 Re8 13. Nf1 Bf8 14. Ng3 g6 15.
b3 c6 16. Bg5 h6 17. Be3 Kh7 18. Qd2 Qe7 19. Nh2 Bg7 20. f4 c5 21. fxe5 cxd4
22. cxd4 dxe5 23. d5 Qd6 24. Rf1 Rac8 25. b4 Rc7 26. Ng4 Nxg4 27. hxg4 Rec8 28.
Bd1 f6 29. Bb3 Bf8 30. g5 hxg5 31. Bxg5 Qxb4 32. Qe2 Bc5+ 33. Kh2 Kg7 34. Qg4
Rh8+ 35. Bh4 Rxh4+ 36. Qxh4 Rc8 37. Rf3 Qd2 38. Nf5+ gxf5 39. Rg3+ Kf8 40. d6
1-0

[Event "3. Aberto Internacional Carlos I"]
[Site "Sanxenxo ESP"]
[Date "2011.06.27"]
[Round "3.6"]
[White "Santos Latasa, Jaime"]
[Black "Guerra Mendez, Jose Angel"]
[Result "1-0"]
[WhiteElo "2230"]
[BlackElo "2472"]
[PlyCount "109"]
[EventDate "2011.06.25"]
[EventType "swiss"]
[EventRounds "9"]
[EventCountry "ESP"]
[Source "lmi"]
[SourceDate "2011.06.25"]

1. d4 Nf6 2. c4 g6 3. Nc3 Bg7 4. e4 d6 5. Nf3 O-O 6. Be2 Nbd7 7. O-O e5 8. Re1
Re8 9. Bf1 c6 10. d5 c5 11. a3 Nh5 12. Bd2 Ndf6 13. g3 b6 14. b4 Bd7 15. Rb1
Re7 16. Bg2 Ne8 17. Nh4 cxb4 18. axb4 Qc8 19. Qe2 Nhf6 20. Rec1 Bh3 21. Nf3
Bxg2 22. Kxg2 Nd7 23. Na4 Rb8 24. Bg5 f6 25. Be3 Bf8 26. h3 Rf7 27. Rc2 Rb7 28.
Nc3 Be7 29. h4 f5 30. Bg5 Ng7 31. Bxe7 Rxe7 32. exf5 Nxf5 33. Ne4 Qf8 34. Neg5
Qf6 35. Re1 Nf8 36. c5 bxc5 37. bxc5 dxc5 38. Rxc5 Qb6 39. Rc8 Rb8 40. Rxb8
Qxb8 41. Qa2 Nd6 42. Nxe5 h6 43. Nc6 Rxe1 44. Nxb8 hxg5 45. hxg5 Re5 46. Nc6
Rxg5 47. Qa3 Nf5 48. d6 Ng7 49. Qb3+ Kh7 50. Ne7 Nfe6 51. Qb8 Rg4 52. d7 Rd4
53. Qg8+ Kh6 54. Qh8+ Kg5 55. d8=Q 1-0

[Event "3. Aberto Internacional Carlos I"]
[Site "Sanxenxo ESP"]
[Date "2011.06.27"]
[Round "3.7"]
[White "Recuero Guerra, David"]
[Black "Cubero Ferreiro, Rodrigo"]
[Result "1-0"]
[WhiteElo "2455"]
[BlackElo "2184"]
[PlyCount "55"]
[EventDate "2011.06.25"]
[EventType "swiss"]
[EventRounds "9"]
[EventCountry "ESP"]
[Source "lmi"]
[SourceDate "2011.06.25"]

1. e4 c5 2. Nf3 e6 3. Nc3 a6 4. d4 cxd4 5. Nxd4 Qc7 6. Bd3 Nf6 7. f4 Bc5 8. Nb3
Bb4 9. O-O h5 10. Kh1 b5 11. Bd2 Be7 12. e5 Ng4 13. Ne4 Bb7 14. Qe2 g6 15. Na5
Nc6 16. Nd6+ Bxd6 17. exd6 Qb6 18. Nxb7 Qxb7 19. a4 O-O 20. h3 Nh6 21. axb5
axb5 22. Rxa8 Rxa8 23. Bc3 b4 24. Bf6 Qb8 25. Rd1 Ra5 26. Be4 Nf5 27. Qf3 Rc5
28. Bxc6 1-0

[Event "3. Aberto Internacional Carlos I"]
[Site "Sanxenxo ESP"]
[Date "2011.06.27"]
[Round "3.8"]
[White "Montero Campuzano, Rafael"]
[Black "Gomez Ledo, Roberto Carlos"]
[Result "0-1"]
[WhiteElo "2139"]
[BlackElo "2429"]
[PlyCount "87"]
[EventDate "2011.06.25"]
[EventType "swiss"]
[EventRounds "9"]
[EventCountry "ESP"]
[Source "lmi"]
[SourceDate "2011.06.25"]

1. c4 Nf6 2. g3 e5 3. Bg2 Nc6 4. Nc3 Bc5 5. a3 a5 6. d3 O-O 7. e3 Re8 8. Nge2
Bf8 9. O-O d6 10. e4 Nd7 11. Nd5 Nc5 12. b3 Ne6 13. f4 Ncd4 14. Nxd4 Nxd4 15.
f5 c6 16. Ne3 Rb8 17. f6 g6 18. g4 h6 19. h4 Re6 20. g5 h5 21. Nf5 Qb6 22. Be3
Re8 23. Bxd4 exd4 24. Bf3 Qc5 25. Bxh5 Qe5 26. Qf3 gxh5 27. g6 Bxf5 28. exf5
Qe3+ 29. Qxe3 Rxe3 30. g7 Bxg7 31. fxg7 Kxg7 32. f6+ Kh6 33. Rf2 Rg8+ 34. Rg2
Rxg2+ 35. Kxg2 Rxd3 36. b4 a4 37. b5 cxb5 38. cxb5 Kg6 39. Rc1 Rxa3 40. Rc7 Rb3
41. Rxb7 Kxf6 42. Rb6 Ke5 43. Rb8 a3 44. Rh8 0-1

[Event "3. Aberto Internacional Carlos I"]
[Site "Sanxenxo ESP"]
[Date "2011.06.27"]
[Round "3.9"]
[White "Leiros Vila, Avelino"]
[Black "Medarde Santiago, Luis Marcos"]
[Result "1/2-1/2"]
[WhiteElo "2189"]
[BlackElo "2018"]
[PlyCount "99"]
[EventDate "2011.06.25"]
[EventType "swiss"]
[EventRounds "9"]
[EventCountry "ESP"]
[Source "lmi"]
[SourceDate "2011.06.25"]

1. c4 Nf6 2. g3 g6 3. Bg2 Bg7 4. Nc3 c5 5. e4 d6 6. Nge2 Nc6 7. d3 O-O 8. Rb1
Ne8 9. a3 a5 10. O-O Nc7 11. Be3 Ne6 12. Nb5 Ned4 13. Nbxd4 Nxd4 14. Nxd4 cxd4
15. Bd2 Bd7 16. Qc1 Qc7 17. Bh6 b5 18. Bxg7 Kxg7 19. e5 Rac8 20. exd6 Qxd6 21.
b4 Bc6 22. c5 Qd7 23. Bxc6 Rxc6 24. Qf4 Qd5 25. Rfe1 Rf6 26. Qe5 Qa2 27. Qxd4
Rd8 28. Qb2 Qxb2 29. Rxb2 Rxd3 30. Re3 Rxe3 31. fxe3 axb4 32. Rxb4 Ra6 33. Kf2
Kf6 34. Rb3 Ke5 35. Kf3 Kd5 36. Rxb5 Rxa3 37. Rb7 Ke6 38. h4 f6 39. Kf4 Ra4+
40. Kf3 h5 41. Rc7 Ra2 42. Rc8 Rc2 43. c6 Kd6 44. Rg8 Rxc6 45. Rxg6 Ke6 46. Rg7
Ra6 47. Kf4 Ra5 48. e4 Kd7 49. Rh7 Ke8 50. g4 1/2-1/2

[Event "3. Aberto Internacional Carlos I"]
[Site "Sanxenxo ESP"]
[Date "2011.06.27"]
[Round "3.10"]
[White "Pinho, Fernando"]
[Black "Gomez Garrido, Camilo"]
[Result "0-1"]
[WhiteElo "1909"]
[BlackElo "2516"]
[PlyCount "42"]
[EventDate "2011.06.25"]
[EventType "swiss"]
[EventRounds "9"]
[EventCountry "ESP"]
[Source "lmi"]
[SourceDate "2011.06.25"]

1. e4 c5 2. Nf3 d6 3. d4 cxd4 4. Nxd4 Nf6 5. Nc3 a6 6. Be3 e6 7. Qd2 b5 8. f3
Nbd7 9. g4 h6 10. h4 Bb7 11. O-O-O b4 12. Na4 Qa5 13. b3 Nc5 14. Bc4 Rc8 15.
Nxc5 dxc5 16. Nxe6 fxe6 17. Bxe6 Qxa2 18. Bd7+ Kf7 19. Qg2 c4 20. g5 c3 21.
Be6+ Ke8 0-1